Olympic Medalists in Badminton (Women's Singles) - Statistics

General Stats
  • This quiz has been taken 13 times
    10 since last reset
  • The average score is 13 of 28
Answer Stats
Hint Answer % Correct
2016 Rio de Janeiro Carolina Marín
100%
2024 Paris An Se Young
90%
2020 Tokyo Chen Yufei
90%
2016 Rio de Janeiro P. V. Sindhu
80%
2020 Tokyo P. V. Sindhu
80%
2020 Tokyo Tai Tzu-ying
80%
2024 Paris He Bingjiao
70%
2024 Paris Gregoria Mariska Tunjung
60%
2012 London Li Xuerui
60%
2012 London Wang Yihan
60%
2016 Rio de Janeiro Nozomi Okuhara
50%
2004 Athens Zhang Ning
50%
2008 Beijing Zhang Ning
50%
1992 Barcelona Bang Soo-hyun
40%
1996 Atlanta Bang Soo-hyun
40%
1992 Barcelona Huang Hua
30%
1996 Atlanta Mia Audina
30%
2004 Athens Mia Audina
30%
2012 London Saina Nehwal
30%
1992 Barcelona Susi Susanti
30%
1996 Atlanta Susi Susanti
30%
2008 Beijing Maria Kristin Yulianti
20%
2008 Beijing Xie Xingfang
20%
2004 Athens Zhou Mi
20%
2000 Sydney Camilla Martin
10%
2000 Sydney Gong Zhichao
10%
1992 Barcelona Tang Jiuhong
10%
2000 Sydney Ye Zhaoying
10%
No matching quizzes found
Score Distribution
Percent of People with Each Score
Percentile by Number Answered
Your Score History
You have not taken this quiz since the last reset